<?xml version="1.0" encoding="UTF-8"?>
<record
    xmlns:xsi="http://www.w3.org/2001/XMLSchema-instance"
    xsi:schemaLocation="http://www.loc.gov/MARC21/slim http://www.loc.gov/standards/marcxml/schema/MARC21slim.xsd"
    xmlns="http://www.loc.gov/MARC21/slim">

  <leader>03723nam a2200553Ia 4500</leader>
  <controlfield tag="001">4279</controlfield>
  <controlfield tag="008">241029s9999    xx            000 0 und d</controlfield>
  <datafield tag="010" ind1=" " ind2=" ">
    <subfield code="a">4024</subfield>
  </datafield>
  <datafield tag="041" ind1=" " ind2=" ">
    <subfield code="a">Espa&#xF1;ol</subfield>
  </datafield>
  <datafield tag="082" ind1=" " ind2=" ">
    <subfield code="a">MEI.14-005</subfield>
  </datafield>
  <datafield tag="245" ind1=" " ind2="0">
    <subfield code="a">Incidencia de las actividades l&#xFA;dicas en el desarrollo de la motricidad fina, en el Tercer Ciclo del Nivel Inicial de la Tanda Vespertina de la Escuela B&#xE1;sica Experimental Luis Napole&#xF3;n N&#xFA;&#xF1;ez Molina  del Municipio de Licey Al Medio, Distrito Educativo 08 - 03 de Santiago, Rep&#xFA;blica Dominicana, A&#xF1;o Escolar 2012-2013</subfield>
  </datafield>
  <datafield tag="260" ind1=" " ind2=" ">
    <subfield code="a">Santiago</subfield>
  </datafield>
  <datafield tag="300" ind1=" " ind2=" ">
    <subfield code="a">121</subfield>
  </datafield>
  <datafield tag="520" ind1=" " ind2=" ">
    <subfield code="a">5</subfield>
  </datafield>
  <datafield tag="630" ind1=" " ind2=" ">
    <subfield code="a">Actitud de los Docentes</subfield>
  </datafield>
  <datafield tag="630" ind1=" " ind2=" ">
    <subfield code="a">Actores Educativos</subfield>
  </datafield>
  <datafield tag="630" ind1=" " ind2=" ">
    <subfield code="a">Ense&#xF1;anza-Aprendizaje</subfield>
  </datafield>
  <datafield tag="630" ind1=" " ind2=" ">
    <subfield code="a">Estrategias Pedag&#xF3;gicas</subfield>
  </datafield>
  <datafield tag="650" ind1=" " ind2=" ">
    <subfield code="a">Aprendizaje</subfield>
  </datafield>
  <datafield tag="690" ind1=" " ind2=" ">
    <subfield code="a">Elaborado</subfield>
  </datafield>
  <datafield tag="700" ind1=" " ind2=" ">
    <subfield code="e">asesor</subfield>
    <subfield code="a">Jimini&#xE1;n, Yanet. Y</subfield>
  </datafield>
  <datafield tag="700" ind1=" " ind2=" ">
    <subfield code="e">autor</subfield>
    <subfield code="a">Rosa Cruz, Lidia Mercedes</subfield>
  </datafield>
  <datafield tag="901" ind1=" " ind2=" ">
    <subfield code="a">{"1":"Rosa Cruz"}</subfield>
    <subfield code="b">{"1":"Lidia Mercedes"}</subfield>
  </datafield>
  <datafield tag="902" ind1=" " ind2=" ">
    <subfield code="a">1</subfield>
  </datafield>
  <datafield tag="903" ind1=" " ind2=" ">
    <subfield code="a">{"1":"Jimini&#xE1;n"}</subfield>
    <subfield code="b">{"1":"Yanet. Y"}</subfield>
  </datafield>
  <datafield tag="904" ind1=" " ind2=" ">
    <subfield code="a">Mag&#xED;ster en</subfield>
  </datafield>
  <datafield tag="905" ind1=" " ind2=" ">
    <subfield code="a">Educaci&#xF3;n Inicial</subfield>
  </datafield>
  <datafield tag="906" ind1=" " ind2=" ">
    <subfield code="a">2</subfield>
  </datafield>
  <datafield tag="907" ind1=" " ind2=" ">
    <subfield code="a">NO APLICA</subfield>
  </datafield>
  <datafield tag="908" ind1=" " ind2=" ">
    <subfield code="a">NO APLICA</subfield>
  </datafield>
  <datafield tag="909" ind1=" " ind2=" ">
    <subfield code="a">Universidad Abierta para Adultos (UAPA), Recinto Santiago</subfield>
  </datafield>
  <datafield tag="910" ind1=" " ind2=" ">
    <subfield code="a">NULL</subfield>
    <subfield code="b">NULL</subfield>
  </datafield>
  <datafield tag="911" ind1=" " ind2=" ">
    <subfield code="a">["1"]</subfield>
  </datafield>
  <datafield tag="912" ind1=" " ind2=" ">
    <subfield code="a">NO APLICA</subfield>
  </datafield>
  <datafield tag="913" ind1=" " ind2=" ">
    <subfield code="a">NULL</subfield>
  </datafield>
  <datafield tag="914" ind1=" " ind2=" ">
    <subfield code="a">12 de Diciembre de 2013</subfield>
  </datafield>
  <datafield tag="915" ind1=" " ind2=" ">
    <subfield code="a">20/07/15 12:07</subfield>
  </datafield>
  <datafield tag="916" ind1=" " ind2=" ">
    <subfield code="a">NULL</subfield>
  </datafield>
  <datafield tag="917" ind1=" " ind2=" ">
    <subfield code="a">NULL</subfield>
  </datafield>
  <datafield tag="918" ind1=" " ind2=" ">
    <subfield code="a">NO APLICA</subfield>
  </datafield>
  <datafield tag="919" ind1=" " ind2=" ">
    <subfield code="a">["4","7","89","245"]</subfield>
  </datafield>
  <datafield tag="520" ind1=" " ind2=" ">
    <subfield code="a">La investigaci&#xF3;n sobre actividades l&#xFA;dicas en el desarrollo de las habilidades de motricidad fina fue de tipo transeccional, porque el dise&#xF1;o fue simult&#xE1;neo a la recolecci&#xF3;n de datos, seleccionando un momento &#xFA;nico en el tiempo, el per&#xED;odo junio - agosto del a&#xF1;o 2013. Se utiliz&#xF3; una investigaci&#xF3;n de tipo documental, de campo y descriptiva. De igual forma, se emple&#xF3; el m&#xE9;todo deductivo.La poblaci&#xF3;n y muestra objeto de estudio asciende a 23 estudiantes inscritos en el Tercer Ciclo del Nivel Inicial, as&#xED; como dos docentes del Nivel Inicial y el director. A esta poblaci&#xF3;n se le aplicaron tres instrumentos: un cuestionario para el personal, un cuestionario para el director y un cuestionario para los/as ni&#xF1;os.En relaci&#xF3;n a los resultados, se determin&#xF3; que el personal docente tiene grado acad&#xE9;mico m&#xED;nimo para ense&#xF1;ar en el Nivel Inicial y el 50% &#xA0;est&#xE1; cursando una maestr&#xED;a, pero en el &#xE1;mbito de Gesti&#xF3;n de Centros. Adem&#xE1;s, se determin&#xF3; que el 50% del personal docente tiene m&#xE1;s de seis a&#xF1;os de experiencia en la ense&#xF1;anza en este nivel.&#xA0;En relaci&#xF3;n al &#xE1;rea de Especialidad, se verific&#xF3; como favorable que todos los docentes est&#xE1;n especializados en el Nivel Inicial. Este hallazgo es adecuado, en vista de que las maestras especializadas en el &#xE1;rea, est&#xE1;n dotados de t&#xE9;cnicas, estrategias, m&#xE9;todos adaptados al grupo &#xA0;al que le toca ense&#xF1;ar.La habilidad de motricidad fina m&#xE1;s desarrollada fue la organizaci&#xF3;n de figuras por orden l&#xF3;gico (61%), incluso una habilidad de mucho nivel de profesionalidad como ensartar fue desarrollada por un 39%. Otra habilidad bien dominada por los estudiantes en el &#xE1;mbito de la motricidad fina fue colorear y trazar, pues 78% logr&#xF3; superar dicha actividad.El estudio recomend&#xF3; &#xA0;al Distrito Educativo 08-03, seguir ofertando especialidades y maestr&#xED;as para los profesionales integrados al sector p&#xFA;blico, a fin de que todos tengan la opci&#xF3;n de optar por actualizaciones profesionales, a fin de que docentes del Nivel Inicial de la escuela bajo estudio mejoren su formaci&#xF3;n acad&#xE9;mica.</subfield>
  </datafield>
  <datafield tag="921" ind1=" " ind2=" ">
    <subfield code="a">11</subfield>
  </datafield>
  <datafield tag="922" ind1=" " ind2=" ">
    <subfield code="a">11</subfield>
  </datafield>
  <datafield tag="923" ind1=" " ind2=" ">
    <subfield code="a">0</subfield>
  </datafield>
  <datafield tag="924" ind1=" " ind2=" ">
    <subfield code="a">NO APLICA</subfield>
  </datafield>
  <datafield tag="942" ind1=" " ind2=" ">
    <subfield code="c">Tesis</subfield>
  </datafield>
  <datafield tag="999" ind1=" " ind2=" ">
    <subfield code="c">4024</subfield>
    <subfield code="d">4024</subfield>
  </datafield>
</record>
